| 000 | 00000nam##2200000za#4500 |
| 001 | 9.615330 |
| 003 | CaOODSP |
| 005 | 20211126112847 |
| 007 | ta |
| 008 | 150406|2000||||xxc||||| f|0| 0 eng|d |
| 020 | |z0-662-27019-3 |
| 022 | |a1192-5434 |
| 040 | |aCaOODSP|beng |
| 043 | |an-cn--- |
| 086 | 1 |aFB3-2/100-17E |
| 110 | 2 |aBank of Canada. |
| 245 | 12|aA practical guide to swap curve construction / |cby Uri Ron. |
| 260 | |aOttawa - Ontario : |bBank of Canada |c2000. |
| 300 | |av, 24p. : |bfigs., references, tables ; |c28 cm. |
| 490 | 1 |aWorking paper|x1192-5434|v100-17 |
| 500 | |a"This paper outlines the advantages of using the swap curve, and provides a detailed methodology for deriving the swap term structure for marking to market fixed-income products. The paper concludes with a discussion of the proposed swap term structure derivation technique."--Abstract. |
| 520 | 3 |aThis paper outlines the advantages of using the swap curve, and provides a detailed methodology for deriving the swap term structure for marking to market fixed-income products. The paper concludes with a discussion of the proposed swap term structure derivation technique.--Abstract |
| 546 | |aRésumés en français |
| 563 | |aSoftcover |
| 590 | |a00-35|b2000-09-01 |
| 690 | 07|aInterest rates|2gcpds |
| 690 | 07|aMarkets|2gcpds |
| 690 | 07|aPrices|2gcpds |
| 690 | 07|aSecurities|2gcpds |
| 720 | 1 |aRon, Uri |
| 776 | 0#|tA practical guide to swap curve construction / |w(CaOODSP)9.571560 |
| 830 | #0|aWorking paper,|x1192-5434|v100-17|w(CaOODSP)9.514622 |